000
00337 a2200157 4500
001
188753
020
_a
978-85-10-04564-3
040
_c
Magnum
100
_a
Ribeiro, Jonas
240
1
0
_a
Palavra de filho
_l
por
245
1
0
_a
Palavra de filho
300
_a
31
362
0
_a
2009
697
_a
LITERATURA INFANTO-JUVENIL
942
_c
BK
999
_c
188753
_d
188753